Estatísticas para Idiomas mais falados do mundo

Clique aqui para jogar o quiz

Estatísticas Gerais

  • Esse quiz foi jogado 124 vezes
  • A pontuação média é 10 de 15

Estatísticas das Respostas

PosiçãoResposta% Correto
5 (309,8 M)Francês
99%
1 (1,456 B)Inglês
99%
2 (1,138 B)Mandarin (Chinês)
99%
8 (263,6 M)Português
99%
4 (559,1 M)Espanhol
97%
9 (255 M)Russo
92%
6 (274 M)Árabe (Padrão)
91%
13 (128 M)Japonês
88%
12 (135 M)Alemão
83%
3 (609,5 M)Hindi
58%
11 (199 M)Indonésio
32%
7 (272,8 M)Bengali
25%
10 (231,7 M)Urdu
21%
14 (98 M)Suaíli
8%
15 (95 M)Marati
6%

Distribuição das Pontuações

Percentil de Números Respondidos

Porcentagem de Pessoas com Cada Pontuação

Sua Pontuação Histórica

Você não jogou esse quiz